| Tag |
First Indicator |
Second Indicator |
Subfields |
| LEADER |
00000cam a2200000 a 4500 |
| 001 |
in00001159421 |
| 005 |
20151001070423.0 |
| 008 |
930525s1993 cau b 001 0 eng |
| 010 |
|
|
|a 93014552
|
| 020 |
|
|
|a 1555425887 (alk. paper)
|
| 035 |
|
|
|a (OCoLC)28257503
|
| 035 |
|
|
|9 AGE0513AM
|
| 040 |
|
|
|a DLC
|c DLC
|d TXA
|d UtOrBLW
|
| 049 |
|
|
|a TXAM
|
| 050 |
0 |
0 |
|a LC225
|b .H645 1993
|
| 082 |
0 |
0 |
|a 649/.68
|2 20
|
| 245 |
0 |
4 |
|a The Home environment and school learning :
|b promoting parental involvement in the education of children /
|c Thomas Kellaghan [and others].
|
| 250 |
|
|
|a 1st ed.
|
| 264 |
|
1 |
|a San Francisco :
|b Jossey-Bass,
|c [1993]
|
| 264 |
|
4 |
|c ©1993
|
| 300 |
|
|
|a xvi, 187 pages ;
|c 24 cm.
|
| 336 |
|
|
|a text
|b txt
|2 rdacontent
|
| 337 |
|
|
|a unmediated
|b n
|2 rdamedia
|
| 338 |
|
|
|a volume
|b nc
|2 rdacarrier
|
| 490 |
1 |
|
|a The Jossey-Bass education series
|
| 504 |
|
|
|a Includes bibliographical references (pages 155-180) and index.
|
| 650 |
|
0 |
|a Home and school.
|
| 650 |
|
0 |
|a Education
|x Parent participation.
|
| 700 |
1 |
|
|a Kellaghan, Thomas.
|
| 830 |
|
0 |
|a Jossey-Bass education series.
|
| 999 |
|
|
|a MARS
|
| 999 |
f |
f |
|s 0cde5330-3dc6-36bd-98a1-a98f8427ba85
|i 026e9cec-040d-3073-b402-1f3d78171ffd
|t 0
|
| 952 |
f |
f |
|p normal
|a Texas A&M University
|b College Station
|c Sterling C. Evans Library
|d Evans: Library Stacks
|t 0
|e LC225 .H645 1993
|h Library of Congress classification
|i unmediated -- volume
|m A14817973685
|
| 998 |
f |
f |
|a LC225 .H645 1993
|t 0
|l Evans: Library Stacks
|